| 000 | 00853nam a2200181 i 4500 | ||
|---|---|---|---|
| 001 | 166872 | ||
| 003 | ES-MaACL | ||
| 005 | 20230906213423.0 | ||
| 008 | 990712s1894 sp |||| | spa d | ||
| 040 |
_aCCPB | B _bspa _cCCPB | B |
||
| 110 | 1 |
_aValdés (Oviedo). _bAlcalde. _9135035 |
|
| 245 | 1 | 0 | _aExposición que el Sr. Alcalde-Presidente del Ayuntamiento de Valdés Antonio Suárez Coronas eleva al Excmo. Sr. Ministro de Gracia y Justicia Antonio Maura y Montaner solicitando el restablecimiento del Partido Judicial de Luarca. |
| 260 |
_aLuarca : _b[s.n., _cs.a.] ( _fImp. de Rollán y C.ª) |
||
| 300 |
_a18 p. ; _c21 cm. |
||
| 596 | _aFecha probable 1894 tomada de principio del texto. | ||
| 700 | 2 | 1 |
_aSuárez Coronas, Antonio. _9132969 |
| 852 |
_aES-MaACL _jT-801-F-1 _z-- Enc. hol., conservando la enc. original _z-- Enc. en un vol. facticio |
||
| 999 |
_c166872 _d166872 |
||